000 00406nam a22001697a 4500
005 20180203141212.0
008 160624b xxu||||| |||| 00| 0 eng d
020 _a978-81-8209-312-6
041 _aeng
082 _b9491
_a004.35
100 _aparthabarthy, K.A.
_94066
245 _aAdvanced Computer Architecture
260 _bTMH
300 _a370
650 _aDiploma Engineering
_9817
942 _cBK
999 _c3754
_d3753